|
|
|
|
| LEADER |
02466cam a2200697 i 4500 |
| 001 |
nkc20233566096 |
| 003 |
CZ PrNK |
| 005 |
20240110085519.0 |
| 007 |
ta |
| 008 |
231102s2023 xr e 000 0acze d |
| 015 |
|
|
|a cnb003566096
|
| 020 |
|
|
|a 978-80-7530-441-4
|q (brožováno)
|
| 035 |
|
|
|a (OCoLC)1420608402
|
| 040 |
|
|
|a UHG001
|b cze
|d OLA001
|e rda
|
| 041 |
1 |
|
|a cze
|h spa
|
| 043 |
|
|
|a n-mx---
|
| 045 |
|
|
|a x-y-
|
| 072 |
|
7 |
|a 133
|x Ezoterismus. Okultismus
|2 Konspekt
|9 17
|
| 072 |
|
7 |
|a 929
|x Biografie
|2 Konspekt
|9 8
|
| 080 |
|
|
|a (=822/=823)
|2 MRF
|
| 080 |
|
|
|a 133.4:2-382
|2 MRF
|
| 080 |
|
|
|a 133.4(=8)
|2 MRF
|
| 080 |
|
|
|a 133.4
|2 MRF
|
| 080 |
|
|
|a 133.3
|2 MRF
|
| 080 |
|
|
|a 133-051
|2 MRF
|
| 080 |
|
|
|a 929
|2 MRF
|
| 080 |
|
|
|a (721/727)
|2 MRF
|
| 080 |
|
|
|a (0:82-94)
|2 MRF
|
| 100 |
1 |
|
|a Torres, Armando
|7 xx0077382
|4 aut
|
| 240 |
1 |
0 |
|a Secreto de la serpiente emplumada.
|l Česky
|
| 245 |
1 |
0 |
|a Tajemství opeřeného hada /
|c Armando Torres ; ze španělského originálu El secreto de la serpiente emplumada ... přeložil Martin Gato
|
| 250 |
|
|
|a Vydání první
|
| 264 |
|
1 |
|a [Praha] :
|b Malvern,
|c 2023
|
| 300 |
|
|
|a 217 stran ;
|c 21 cm
|
| 336 |
|
|
|a text
|b txt
|2 rdacontent
|
| 337 |
|
|
|a bez média
|b n
|2 rdamedia
|
| 338 |
|
|
|a svazek
|b nc
|2 rdacarrier
|
| 600 |
1 |
7 |
|a Torres, Armando
|7 xx0077382
|2 czenas
|
| 648 |
|
7 |
|a 20.-21. století
|7 ch462155
|2 czenas
|
| 650 |
0 |
7 |
|a Toltékové
|7 ph196659
|2 czenas
|
| 650 |
0 |
7 |
|a šamanismus
|7 ph127795
|z Mexiko
|2 czenas
|
| 650 |
0 |
7 |
|a indiánská magie
|7 ph114762
|z Mexiko
|2 czenas
|
| 650 |
0 |
7 |
|a čarodějnictví
|7 ph128083
|z Mexiko
|2 czenas
|
| 650 |
0 |
7 |
|a mimosmyslové vnímání
|7 ph122878
|z Mexiko
|2 czenas
|
| 650 |
0 |
7 |
|a esoterici
|7 ph836805
|z Mexiko
|y 20.-21. století
|2 czenas
|
| 650 |
0 |
9 |
|a Toltecs
|2 eczenas
|
| 650 |
0 |
9 |
|a shamanism
|z Mexico
|2 eczenas
|
| 650 |
0 |
9 |
|a Indian magic
|z Mexico
|2 eczenas
|
| 650 |
0 |
9 |
|a witchcraft
|z Mexico
|2 eczenas
|
| 650 |
0 |
9 |
|a extrasensual perception
|z Mexico
|2 eczenas
|
| 650 |
0 |
9 |
|a esotericists
|z Mexico
|y 20th-21st centuries
|2 eczenas
|
| 655 |
|
7 |
|a autobiografické vzpomínky
|7 fd131854
|2 czenas
|
| 655 |
|
9 |
|a autobiographical reminiscences
|2 eczenas
|
| 700 |
1 |
|
|a Gato, Martin,
|d 1967-
|7 jn19981001326
|4 trl
|
| 910 |
2 |
|
|a BOA001
|b 2-1517.230
|
| 920 |
|
|
|a 1273265
|z CBA001
|
| 928 |
9 |
|
|a Jakub Hlaváček - Malvern
|
| 990 |
|
|
|a BK
|
| 995 |
|
|
|a 01
|
| 991 |
|
|
|b 202312
|c NOV
|
| 996 |
6 |
|
|b 2610955672
|c 2-1517.230
|l MZK
|r Sklad / do 1 hodiny
|n 1
|p p.v.
|w 001946513
|u 000010
|a 1
|e BOA001
|j MZK50
|s P
|